Základní koncepční znaky české účetní úpravy výnosů
Charakteristika výnosov v českej účtovnej legislatíve. Koncepčné znaky výnosov. Definícia výnosu. Povaha výnosu a spôsob jeho vykázania v účtovných výkazoch. Ocenenie výnosu. Načasovanie vzniku výnosu.
Gespeichert in:
| 1. Verfasser: | |
|---|---|
| Format: | Buchkapitel |
| Sprache: | Tschechisch |
| Schlagworte: | |
| Tags: |
Keine Tags, Fügen Sie das erste Tag hinzu!
|
MARC
| LEADER | 00000naa$a2200000$$$4500 | ||
|---|---|---|---|
| 001 | 0090527 | ||
| 005 | 20230925091057.4 | ||
| 041 | 0 | |a cze | |
| 044 | |a CZ | ||
| 245 | 1 | 0 | |a Základní koncepční znaky české účetní úpravy výnosů |c David Procházka |
| 520 | |a Charakteristika výnosov v českej účtovnej legislatíve. Koncepčné znaky výnosov. Definícia výnosu. Povaha výnosu a spôsob jeho vykázania v účtovných výkazoch. Ocenenie výnosu. Načasovanie vzniku výnosu. | ||
| 610 | 2 | 0 | |a výnosy |
| 610 | 2 | 0 | |a legislatíva |
| 610 | 2 | 0 | |a Česko |
| 610 | 2 | 0 | |a definície |
| 610 | 2 | 0 | |a výkazy účtovné |
| 610 | 2 | 0 | |a oceňovanie |
| 100 | 1 | |a Procházka, David | |